zpět

Detail výsledku týmu

Klub Tyjátr, Svitavy

Datum a čas kvízu

28.5 Celkem bodů Celkový počet nahraných bodů na tomto kvízu bez doplňovacích otázek.
5. Pořadí na kvízu Konečné umístění týmu na tomto kvízu.

Zaznamenané odpovědi

# Otázka Odpověď Body Výsledky
1. Jedna česká politička oslavila... Markéta Pekarová Adamová 1
2. Prezident jedné jihoamerické z... Venezuela 0
3. Která skupina vydala minulý tý... Coldplay 0
4. V úterý se stal novým generáln... z Nizozemska 0
5. Který český brankář minulý týd... Vítězslav Jaroš 0
6. Který stát zcela obklopuje zem... Jihoafrická republika (JAR, Jižní Afrika) 0
7. Kaliningrad neboli Královec je... Přemysla Otakara II. 0
8. V Pásmu Gazy, jež je v podstat... A 1
9. V roce 2015 během jediného dne... Indie a Bangladéš 0.5
10. Jak se jmenují dvě španělská m... Ceuta a Melilla 0